Catálogo

Historia del libro / (Registro nro. 56244)

Detalles MARC
000 -LEADER
fixed length control field 01131cam a2200325 i 4500
001 - CONTROL NUMBER
control field 56244
003 - CONTROL NUMBER IDENTIFIER
control field Mx-PuUPA
005 - DATE AND TIME OF LATEST TRANSACTION
control field 20240410104051.0
008 - FIXED-LENGTH DATA ELEMENTS--GENERAL INFORMATION
fixed length control field 140415s2002 mx r 000 0 spa d
020 ## - INTERNATIONAL STANDARD BOOK NUMBER
International Standard Book Number 9682323940
040 ## - CATALOGING SOURCE
Original cataloging agency MX-PuUPA
Language of cataloging spa
Description conventions rda
Transcribing agency Mx-PuUPA
Modifying agency Mx-PuUPA
041 1# - LANGUAGE CODE
Language code of text/sound track or separate title spa
Language code of original fre
100 1# - MAIN ENTRY--PERSONAL NAME
Personal name Labarre, Albert,
Dates associated with a name 1927-2010,
Relator term autor
9 (RLIN) 6857
240 10 - UNIFORM TITLE
Uniform title Historie du livre.
Language of a work Español
245 10 - TITLE STATEMENT
Title Historia del libro /
Statement of responsibility, etc. por Albert Labarre ; traducción de Omar Álvarez Salas
250 ## - EDITION STATEMENT
Edition statement Primera edición
264 #1 - PRODUCTION, PUBLICATION, DISTRIBUTION, MANUFACTURE, AND COPYRIGHT NOTICE
Place of production, publication, distribution, manufacture México, D.F. :
Name of producer, publisher, distributor, manufacturer Siglo xxi editores,
Date of production, publication, distribution, manufacture, or copyright notice 2002
300 ## - PHYSICAL DESCRIPTION
Extent 150 páginas ;
Dimensions 18 cm.
336 ## - CONTENT TYPE
Content type term texto
Fuente rdacontent
Content type code txt
337 ## - MEDIA TYPE
Media type term sin medio
Source rdamedia
Media type code n
338 ## - CARRIER TYPE
Carrier type term volumen
Source rdacarrier
Carrier type code nc
650 #4 - SUBJECT ADDED ENTRY--TOPICAL TERM
Topical term or geographic name entry element Libros y lectura
General subdivision Historia
650 #4 - SUBJECT ADDED ENTRY--TOPICAL TERM
Topical term or geographic name entry element Imprenta
General subdivision Historia
650 #4 - SUBJECT ADDED ENTRY--TOPICAL TERM
Topical term or geographic name entry element Libros
General subdivision Historia
700 1# - ADDED ENTRY--PERSONAL NAME
Personal name Álvarez Salas, Omar,
Relator term traductor
765 18 - ORIGINAL LANGUAGE ENTRY
Main entry heading Labarre, Albert, 1927-2010.
Title Historie du livre.
Edition Primera edición
Place, publisher, and date of publication París : Presses Universitaires de France, 1970
942 ## - ADDED ENTRY ELEMENTS (KOHA)
Source of classification or shelving scheme Dewey Decimal Classification
Koha item type Libro
Classification part 002
Item part L112
Existencias
Withdrawn status Lost status Source of classification or shelving scheme Damaged status Not for loan Collection code Home library Current library Shelving location Date acquired Source of acquisition Total Checkouts Full call number Barcode Date last seen Date last checked out Price effective from Koha item type
    Dewey Decimal Classification     General Biblioteca Karol Wojtyla Biblioteca Karol Wojtyla Sala general 03/12/2013 Compra   002 L112 2002 84833 05/01/2026 08/06/2017 10/07/2018 Libro